| 000 | 00640nam a2200193Ia 4500 | ||
|---|---|---|---|
| 003 | GCL | ||
| 008 | 140319s9999 xx 000 0 ara d | ||
| 040 |
_aGCL / _cGCL |
||
| 082 | 0 | 4 |
_a664.722 _bك ك |
| 100 | 1 | _aكمال رشدى فؤاد حسين | |
| 245 | 1 | 0 |
_aكيمياء الحبوب ومنتاجاتها / _cكمال رشدى فؤاد حسين |
| 260 |
_aالقاهرة : _bدار الكتب العلمية للنشر والتوزيع ، _c2002 |
||
| 300 |
_a240 ص ؛ _c24 سم |
||
| 650 | 0 | 4 | _aالدقيق |
| 650 | 0 | 4 | _aالقمح |
| 650 | 0 | 4 | _aالحبوب والغلال |
| 650 | 0 | 4 | _aالقمح - طحن |
| 942 |
_2ddc _cBK |
||
| 999 |
_c33231 _d33231 |
||